[Event "FIDE World Blitz 2014"]
[Site "Dubai UAE"]
[Date "2014.06.20"]
[Round "16.13"]
[White "Tomashevsky, Evgeny"]
[Black "Meier, Georg"]
[Result "0-1"]
[WhiteTitle "GM"]
[BlackTitle "GM"]
[WhiteElo "2695"]
[BlackElo "2632"]
[WhiteFideId "4147235"]
[BlackFideId "4675789"]
[EventDate "2014.06.19"]

1. Nf3 d5 2. g3 c6 3. Bg2 Bg4 4. h3 Bh5 5. d3 e6 6. O-O Nd7 7. c4 Ngf6 8. cxd5
exd5 9. e4 dxe4 10. dxe4 Bc5 11. Nc3 O-O 12. Bf4 Re8 13. Qc2 Bg6 14. Nh4 Nh5 15.
Ne2 Qe7 16. Nxg6 hxg6 17. Bd2 Rad8 18. Kh2 Ne5 19. Rad1 Bb6 20. f4 Nd7 21. e5 g5
22. Qf5 g6 23. Qg4 Ng7 24. Nc3 gxf4 25. gxf4 Nc5 26. b4 Nd3 27. Ne4 Nh5 28. Ng3
Nxg3 29. Qxg3 Nb2 30. f5 Nxd1 31. fxg6 fxg6 32. Rxd1 Qxe5 33. Bf4 Qxf4 34. Qxf4
Rxd1 35. h4 Re7 36. Bf3 Bc7 0-1

[Event "FIDE World Blitz 2014"]
[Site "Dubai UAE"]
[Date "2014.06.20"]
[Round "16.14"]
[White "Amin, Bassem"]
[Black "Svidler, Peter"]
[Result "1-0"]
[WhiteTitle "GM"]
[BlackTitle "GM"]
[WhiteElo "2635"]
[BlackElo "2753"]
[WhiteFideId "10601457"]
[BlackFideId "4102142"]
[EventDate "2014.06.19"]

1. e4 g6 2. d4 Bg7 3. Nc3 d6 4. Be3 a6 5. Qd2 Nd7 6. f3 b5 7. g4 h5 8. gxh5 Rxh5
9. Nge2 Ngf6 10. h4 c5 11. Ng3 Rh8 12. dxc5 Nxc5 13. O-O-O Qa5 14. Kb1 Be6 15.
Bd4 b4 16. Nd5 Bxd5 17. exd5 Rb8 18. Bc4 Qc7 19. h5 Ncd7 20. Bb3 gxh5 21. Nf5
Bf8 22. Qe2 Kd8 23. Rhe1 Ne5 24. Bxe5 dxe5 25. d6 1-0

[Event "FIDE World Blitz 2014"]
[Site "Dubai UAE"]
[Date "2014.06.20"]
[Round "16.15"]
[White "Iturrizaga Bonelli, Eduardo"]
[Black "Inarkiev, Ernesto"]
[Result "1-0"]
[WhiteTitle "GM"]
[BlackTitle "GM"]
[WhiteElo "2653"]
[BlackElo "2682"]
[WhiteFideId "3901211"]
[BlackFideId "4162722"]
[EventDate "2014.06.19"]

1. Nf3 c5 2. c4 Nc6 3. d4 cxd4 4. Nxd4 g6 5. g3 Bg7 6. Nc2 Nf6 7. Bg2 d6 8. Nc3
Bd7 9. Qd2 O-O 10. O-O Qc8 11. Rd1 Bh3 12. Bh1 Qf5 13. Ne3 Qh5 14. Bf3 Bg4 15.
Bg2 Bh3 16. Bf3 Bg4 17. Bh1 Be6 18. b3 Ne5 19. f3 Bh6 20. Qd4 Nc6 21. Qd2 Rac8
22. f4 Ne5 23. Bg2 Neg4 24. Nxg4 Nxg4 25. h3 Nf6 26. g4 Bxg4 27. hxg4 Nxg4 28.
Nd5 Bg7 29. Bb2 Qh2+ 30. Kf1 Qh4 31. e3 Bxb2 32. Qxb2 e6 33. Nc3 Nxe3+ 34. Kg1
Nxd1 35. Rxd1 Qxf4 36. Ne4 Qe5 37. Qf2 f5 38. Nxd6 Rcd8 39. c5 b6 40. b4 bxc5
41. bxc5 f4 42. Re1 Qg5 43. Kf1 f3 44. Bh3 Kg7 45. Rxe6 Qd5 46. Re7+ Kh6 47.
Qe3+ g5 1-0

[Event "FIDE World Blitz 2014"]
[Site "Dubai UAE"]
[Date "2014.06.20"]
[Round "16.18"]
[White "Cheparinov, Ivan"]
[Black "Lu, Shanglei"]
[Result "1-0"]
[WhiteTitle "GM"]
[BlackTitle "GM"]
[WhiteElo "2682"]
[BlackElo "2546"]
[WhiteFideId "2905540"]
[BlackFideId "8603332"]
[EventDate "2014.06.19"]

1. d4 g6 2. c4 f5 3. Nf3 Nf6 4. g3 Bg7 5. Bg2 d6 6. O-O O-O 7. Nc3 c6 8. d5 e5
9. dxe6 Bxe6 10. b3 Na6 11. Bb2 Nc5 12. Qc2 Qe7 13. Rad1 Ng4 14. e3 Rad8 15. Ne2
Ne5 16. Nfd4 Bc8 17. Rfe1 Rfe8 18. Nf4 Ng4 19. b4 Ne6 20. Nfxe6 Bxe6 21. b5 Ne5
22. bxc6 bxc6 23. f4 Nxc4 24. Nxc6 Qf7 25. Nxd8 Rxd8 26. Bxg7 Kxg7 27. e4 Nb6
28. exf5 Bxf5 29. Qc3+ Kh6 30. h3 Rc8 31. Qf3 d5 32. Qe3 Rc2 33. g4 Nc4 34. g5+
Kh5 35. Qf3+ Kh4 36. Kh2 Qc7 37. Qg3+ Kh5 38. Qf3+ Kh4 39. Qg3+ Kh5 40. Kh1 Rxg2
41. Kxg2 Nd6 42. Qf3+ Kh4 43. Qg3+ Kh5 44. Qf3+ Kh4 45. Qf2+ Kh5 46. Kg3 Qc3+
47. Qf3+ Qxf3+ 48. Kxf3 Be4+ 49. Rxe4 dxe4+ 50. Ke3 Nb5 51. a4 Nc3 52. Rd4 Kh4
53. a5 Kxh3 54. Rc4 Nb5 55. Rc5 Nd6 56. Rd5 Nc4+ 57. Kxe4 Kg4 58. a6 Nb6 59. Rd6
Na4 60. Rf6 Nc5+ 61. Kd5 Nd3 62. Ke4 Nf2+ 63. Kd4 Nh3 64. Ke5 Nf2 65. Rf7 Nd3+
66. Kd4 Nb4 67. Rf6 Kg3 68. Kc4 Nc2 69. Rf7 Ne3+ 70. Kc5 Nf5 71. Rxa7 1-0

[Event "FIDE World Blitz 2014"]
[Site "Dubai UAE"]
[Date "2014.06.20"]
[Round "16.19"]
[White "Laznicka, Viktor"]
[Black "Matlakov, Maxim"]
[Result "0-1"]
[WhiteTitle "GM"]
[BlackTitle "GM"]
[WhiteElo "2679"]
[BlackElo "2689"]
[WhiteFideId "316385"]
[BlackFideId "4168003"]
[EventDate "2014.06.19"]

1. d4 d5 2. c4 c6 3. Nf3 Nf6 4. Nbd2 Bf5 5. Nh4 Bg6 6. Qb3 Qc7 7. Nxg6 hxg6 8.
g3 e6 9. Bg2 Nbd7 10. O-O Bd6 11. e4 dxe4 12. Nxe4 Nxe4 13. Bxe4 Nf6 14. Bg2
O-O-O 15. Rd1 Rh5 16. c5 Be7 17. Bf4 Qd7 18. Qa4 a6 19. Qa5 Nd5 20. Bd2 Rdh8 21.
h3 Bd8 22. Qa3 Bc7 23. Qf3 Rf5 24. Qe2 Ne7 25. b4 Qxd4 26. Bg5 Qxa1 27. Rxa1
Rxg5 28. a4 Re5 29. Qc4 Rd8 30. b5 axb5 31. axb5 Rd2 32. Ra8+ Kd7 33. Ra7 Re1+
34. Kh2 Ree2 35. Rxb7 Rxf2 36. b6 Rxg2+ 37. Kh1 Nd5 38. Qf1 Rgf2 39. Qe1 Rh2+
40. Kg1 Rdg2+ 41. Kf1 Rh1+ 42. Kxg2 Rxe1 0-1

[Event "FIDE World Blitz 2014"]
[Site "Dubai UAE"]
[Date "2014.06.20"]
[Round "16.20"]
[White "Ipatov, Alexander"]
[Black "Vitiugov, Nikita"]
[Result "0-1"]
[WhiteTitle "GM"]
[BlackTitle "GM"]
[WhiteElo "2613"]
[BlackElo "2742"]
[WhiteFideId "14116731"]
[BlackFideId "4152956"]
[EventDate "2014.06.19"]

1. c4 c5 2. Nc3 g6 3. g3 Bg7 4. Bg2 Nc6 5. Nf3 e6 6. d3 Nge7 7. h4 h6 8. Bd2 d6
9. Qc1 Rb8 10. Rb1 Nf5 11. O-O Ncd4 12. Nxd4 cxd4 13. Ne4 O-O 14. g4 Nxh4 15.
Bxh6 f6 16. Bxg7 Kxg7 17. Qf4 e5 18. Qg3 g5 19. e3 Ng6 20. exd4 exd4 21. Qxd6
Bxg4 22. Qxd8 Rbxd8 23. Ng3 b6 24. b4 Nf4 25. c5 Rc8 26. Be4 f5 27. Bb7 Rc7 28.
Bg2 bxc5 29. bxc5 Nxg2 30. Kxg2 Rh8 31. Rh1 Rxh1 32. Rxh1 Rxc5 33. Rb1 Rc2 34.
Rb7+ Kg6 35. Rxa7 Rd2 36. Ra6+ Kf7 37. Ra7+ Ke6 38. Ra6+ Kd7 39. Ra7+ Kc6 40.
Ra3 Kb5 41. Rb3+ Ka4 42. Nf1 Rxa2 43. Rb8 Be2 44. Rd8 Kb3 45. Rxd4 Kc3 46. Rd5
Bxd3 47. Rc5+ Kd4 48. Rc7 Be4+ 49. Kg1 Ra1 50. Rd7+ Ke5 51. Rd2 Bd5 52. Re2+ Kd6
53. Rd2 Kc5 54. f4 Bc4 55. fxg5 Rxf1+ 56. Kh2 Rf4 57. g6 Rh4+ 58. Kg3 Rg4+ 59.
Kf3 Bd5+ 60. Ke3 f4+ 61. Kf2 Rxg6 0-1

[Event "FIDE World Blitz 2014"]
[Site "Dubai UAE"]
[Date "2014.06.20"]
[Round "16.21"]
[White "Karjakin, Sergey"]
[Black "Maletin, Pavel"]
[Result "1/2-1/2"]
[WhiteTitle "GM"]
[BlackTitle "GM"]
[WhiteElo "2771"]
[BlackElo "2588"]
[WhiteFideId "14109603"]
[BlackFideId "4146786"]
[EventDate "2014.06.19"]

1. e4 c5 2. Nf3 e6 3. d4 cxd4 4. Nxd4 Nc6 5. Nc3 Qc7 6. Be2 a6 7. O-O Nf6 8. Be3
Be7 9. f4 d6 10. a4 O-O 11. Bd3 Nb4 12. a5 Bd7 13. Nf3 Bc6 14. Bb6 Qc8 15. Qe1
Nd7 16. Be3 Nc5 17. Bxc5 dxc5 18. Qe2 Qc7 19. Ne5 Rad8 20. Kh1 Bf6 21. Nxc6 Nxc6
22. e5 Be7 23. Ne4 c4 24. Nf6+ Bxf6 25. Bxh7+ Kxh7 26. Qh5+ Kg8 27. exf6 Rd5 28.
f5 Qe5 29. fxg7 Qxg7 30. Ra3 Ne7 31. g4 Rfd8 32. Qh4 Rd1 33. Rf3 Rxf1+ 34. Rxf1
Nc6 35. Qh5 Rd5 36. c3 Nxa5 37. Qh4 Nc6 38. fxe6 fxe6 39. Qf2 Rd8 40. Qe2 Qg6
41. Qxc4 Rf8 42. Re1 Rf6 43. g5 Rf7 44. Qxe6 Qxe6 45. Rxe6 Re7 46. Rxe7 Nxe7 47.
Kg2 Kg7 48. Kf3 Kg6 49. Kf4 Nd5+ 50. Ke4 Nb6 51. h4 Na4 52. b3 Nxc3+ 53. Kd4
Nb5+ 54. Kc5 Na7 55. Kb6 Nc6 56. Kxb7 Na5+ 57. Kxa6 1/2-1/2

[Event "FIDE World Blitz 2014"]
[Site "Dubai UAE"]
[Date "2014.06.20"]
[Round "16.22"]
[White "Ragger, Markus"]
[Black "Nguyen, Ngoc Truong Son"]
[Result "0-1"]
[WhiteTitle "GM"]
[BlackTitle "GM"]
[WhiteElo "2632"]
[BlackElo "2621"]
[WhiteFideId "1610856"]
[BlackFideId "12401110"]
[EventDate "2014.06.19"]

1. d4 d5 2. c4 c6 3. Nf3 Nf6 4. g3 Bf5 5. Nc3 e6 6. Nh4 Bg4 7. h3 Bh5 8. g4 Ne4
9. Nxe4 dxe4 10. Qb3 b6 11. Ng2 Bg6 12. Nf4 Qxd4 13. Be3 Qd6 14. Bg2 Qb4+ 15.
Qxb4 Bxb4+ 16. Kf1 Nd7 17. Nxg6 hxg6 18. Bxe4 Rc8 19. Kg2 Ne5 20. Rac1 f5 21.
Bf4 Nf7 22. Bb1 g5 23. Bh2 g6 24. Rhd1 Ke7 25. f3 Bc5 26. Bg1 Bxg1 27. Rxg1 c5
28. Rcd1 Rcd8 29. b3 Ne5 30. Bc2 Nc6 31. Bb1 Kf6 32. e3 Nb4 33. Kg3 Nc6 34. f4
gxf4+ 35. exf4 Nd4 36. g5+ Ke7 37. Rd2 Rh7 38. Rh1 Rdh8 39. Bc2 Nxc2 40. Rxc2
Rd8 41. Re2 Rd3+ 42. Kg2 Kd7 43. h4 a5 44. Rh3 Rd4 45. Kg3 a4 46. bxa4 Rxc4 47.
Rh1 Rxa4 48. Rd1+ Ke7 49. Rde1 Ra3+ 50. Kg2 Rxh4 51. Rxe6+ Kd7 52. Rxg6 Rg4+ 53.
Kh2 Rxa2+ 54. Kh3 Ra3+ 55. Kh2 Ra8 56. Rd1+ Kc7 57. Rd5 Rh8+ 58. Rh6 Rxh6+ 59.
gxh6 Rh4+ 60. Kg3 Rxh6 61. Rxf5 c4 62. Kf3 c3 63. Ke3 Rc6 64. Rf7+ Kb8 65. Rf8+
Kb7 66. Rf7+ Ka6 67. Rf8 c2 68. Ra8+ Kb5 69. Kd4 0-1

[Event "FIDE World Blitz 2014"]
[Site "Dubai UAE"]
[Date "2014.06.20"]
[Round "16.23"]
[White "Andriasian, Zaven"]
[Black "Dubov, Daniil"]
[Result "1-0"]
[WhiteTitle "GM"]
[BlackTitle "GM"]
[WhiteElo "2611"]
[BlackElo "2614"]
[WhiteFideId "13302000"]
[BlackFideId "24126055"]
[EventDate "2014.06.19"]

1. Nf3 Nf6 2. g3 g6 3. Bg2 Bg7 4. O-O O-O 5. c4 c6 6. d4 d5 7. cxd5 cxd5 8. Nc3
Ne4 9. Nxe4 dxe4 10. Ne5 Nd7 11. Nxd7 Qxd7 12. Be3 Qd5 13. f3 exf3 14. Bxf3 Qd6
15. Kg2 Be6 16. d5 Bf5 17. Qb3 Qd7 18. Rfd1 a5 19. Rac1 h5 20. Bg5 Rfc8 21. Qa3
Bh3+ 22. Kf2 Qb5 23. Qb3 Qd7 24. Qa3 Qb5 25. Qb3 Qd7 26. Qa3 Rxc1 27. Rxc1 Qf5
28. Qxe7 Bxb2 29. e4 Bd4+ 30. Ke2 Qd7 31. Qxd7 Bxd7 32. Rc7 Bb5+ 33. Kd2 Ba6 34.
d6 Be5 35. Bf4 Bf6 36. d7 Rd8 37. Be2 Bxe2 38. Kxe2 Bd4 39. Rc8 Bb6 40. Bg5 1-0

[Event "FIDE World Blitz 2014"]
[Site "Dubai UAE"]
[Date "2014.06.20"]
[Round "16.25"]
[White "Van Wely, Loek"]
[Black "Anton Guijarro, David"]
[Result "0-1"]
[WhiteTitle "GM"]
[BlackTitle "GM"]
[WhiteElo "2654"]
[BlackElo "2631"]
[WhiteFideId "1000268"]
[BlackFideId "2285525"]
[EventDate "2014.06.19"]

1. d4 Nf6 2. c4 g6 3. Nc3 Bg7 4. e4 d6 5. Nf3 O-O 6. Be2 Bg4 7. Be3 Nfd7 8. Rc1
e5 9. d5 a5 10. h4 Nf6 11. a3 Na6 12. Nd2 Bxe2 13. Qxe2 Nh5 14. g3 Qe8 15. Nb5
f5 16. exf5 gxf5 17. g4 Nf4 18. Bxf4 exf4 19. g5 Qf7 20. O-O Rae8 21. Qf3 Bxb2
22. Rce1 Be5 23. Kg2 Kh8 24. Kh3 Nc5 25. Re2 Rg8 26. Rh1 Qd7 27. Rhe1 Ne4 28.
Nxe4 fxe4+ 29. Qg4 Qf7 30. Rxe4 c6 31. dxc6 bxc6 32. Nd4 Bxd4 33. Rxf4 Qxc4 34.
Rxd4 Qc3+ 35. Re3 Rxe3+ 36. fxe3 Qxe3+ 37. Kg2 Rf8 38. Re4 Qf2+ 39. Kh1 Qf1+ 40.
Kh2 Rf2+ 41. Kg3 Qg2# 0-1

[Event "FIDE World Blitz 2014"]
[Site "Dubai UAE"]
[Date "2014.06.20"]
[Round "16.28"]
[White "Yu, Yangyi"]
[Black "Moradiabadi, Elshan"]
[Result "1-0"]
[WhiteTitle "GM"]
[BlackTitle "GM"]
[WhiteElo "2675"]
[BlackElo "2586"]
[WhiteFideId "8603820"]
[BlackFideId "12501255"]
[EventDate "2014.06.19"]

1. e4 e5 2. Nf3 Nc6 3. Bb5 Nf6 4. Qe2 Bd6 5. O-O O-O 6. c3 Re8 7. d3 Bf8 8. Nbd2
a6 9. Ba4 d5 10. h3 h6 11. Re1 Bd7 12. Bb3 Be6 13. Nf1 Qd7 14. Ng3 Rad8 15. Bc2
g6 16. Be3 Bg7 17. Rad1 Qc8 18. Ba4 b5 19. Bb3 Qb7 20. Qc2 a5 21. a4 b4 22. Rb1
Qa6 23. Red1 Bf8 24. Rbc1 bxc3 25. bxc3 Rb8 26. Rb1 Red8 27. Qa2 Rxb3 28. Qxb3
dxe4 29. Qb7 Qxb7 30. Rxb7 exf3 31. Rxc7 Ne7 32. c4 fxg2 33. Bb6 Ra8 34. Ne4
Nxe4 35. dxe4 Nc8 36. c5 Be7 37. Kxg2 Kf8 38. Rb7 Ke8 39. f3 h5 40. Rc1 Bd7 41.
c6 Be6 42. Bc5 Bxc5 43. Rxc5 Nd6 44. Rb6 Kd8 45. c7+ Kd7 46. Rb8 Ra7 47. c8=Q+
Nxc8 48. Rcxc8 Ke7 49. Rc5 Kf6 50. Rbb5 Rd7 51. h4 Rd2+ 52. Kg3 Ra2 53. Rxa5 Bb3
54. Rcb5 Rxa4 55. Rb6+ Kg7 56. Rxa4 Bxa4 57. Rb4 Bd7 58. Rb7 Be6 59. Rb5 Kf6 60.
Kf2 Bc4 61. Rc5 Be6 62. Ke3 Bh3 63. Rc6+ Ke7 64. Rb6 Be6 65. Kd2 Bc4 66. Rc6 Be6
67. Rc5 Kd6 68. Ra5 Bc4 69. Ke3 Be6 70. f4 exf4+ 71. Kxf4 Ke7 72. Ke5 Bg4 73.
Kf4 Bf5 74. Ke5 Kd8 75. Kd6 Bg4 1-0

[Event "FIDE World Blitz 2014"]
[Site "Dubai UAE"]
[Date "2014.06.20"]
[Round "16.29"]
[White "Movsesian, Sergei"]
[Black "Ghaem Maghami, Ehsan"]
[Result "1-0"]
[WhiteTitle "GM"]
[BlackTitle "GM"]
[WhiteElo "2672"]
[BlackElo "2582"]
[WhiteFideId "310204"]
[BlackFideId "12500739"]
[EventDate "2014.06.19"]

1. g3 c5 2. Bg2 Nc6 3. c4 g6 4. e3 Bg7 5. Ne2 d6 6. Nbc3 e6 7. d4 Nge7 8. O-O
O-O 9. d5 Ne5 10. b3 exd5 11. cxd5 b6 12. f4 Ng4 13. h3 Nh6 14. e4 Ba6 15. Bb2
Rc8 16. Qd2 f5 17. e5 Nf7 18. e6 Nh6 19. a4 Kh8 20. Nb5 Ra8 21. Bxg7+ Kxg7 22.
Qb2+ Kg8 23. Rfe1 Nc8 24. Kh2 Qe7 25. Ng1 Bxb5 26. axb5 Re8 27. Nf3 Qg7 28. Qc2
Kf8 29. Nd2 Ng8 30. Nc4 Nf6 31. Qe2 h5 32. Ra6 Rb8 33. Rea1 Re7 34. Nd2 Ng8 35.
Nf3 Nf6 36. Rd1 Ne4 37. Qe3 Nc3 38. Rd2 Nxb5 39. g4 hxg4 40. hxg4 Qf6 41. Ng5
Nd4 42. Qh3 Kg8 43. Raa2 Rbb7 44. Kg1 fxg4 45. Qxg4 Nxb3 46. Rd3 Qf5 47. Qxf5
gxf5 48. Rxb3 b5 49. Nf7 Rxf7 50. exf7+ Kxf7 51. Bf1 b4 52. Ba6 Rc7 53. Bxc8
Rxc8 54. Rxa7+ Kf6 55. Re3 1-0

[Event "FIDE World Blitz 2014"]
[Site "Dubai UAE"]
[Date "2014.06.20"]
[Round "16.30"]
[White "Gundavaa, Bayarsaikhan"]
[Black "Efimenko, Zahar"]
[Result "1/2-1/2"]
[WhiteTitle "GM"]
[BlackTitle "GM"]
[WhiteElo "2501"]
[BlackElo "2648"]
[WhiteFideId "4901045"]
[BlackFideId "14107201"]
[EventDate "2014.06.19"]

1. d4 Nf6 2. c4 e6 3. Nc3 Bb4 4. Qc2 O-O 5. Nf3 c5 6. dxc5 Na6 7. c6 bxc6 8. e3
Nc5 9. Bd2 d6 10. Be2 e5 11. a3 Bxc3 12. Bxc3 a5 13. b3 Bg4 14. O-O Qc7 15. Rfd1
Bh5 16. b4 Bg6 17. Qb2 Na4 18. Qb3 Nxc3 19. Qxc3 Ne4 20. Qb2 h6 21. c5 axb4 22.
cxd6 Nxd6 23. Qxe5 Nb5 24. Qxc7 Nxc7 25. axb4 Nd5 26. Rac1 Nxb4 27. Ne5 Rfd8 28.
Rxd8+ Rxd8 29. Nxc6 Nxc6 30. Rxc6 Bd3 31. Bxd3 Rxd3 32. g4 g6 33. Kg2 Kg7 34.
Kg3 Rd5 35. Ra6 h5 36. gxh5 Rxh5 37. h3 Rg5+ 38. Kf3 Rf5+ 39. Kg3 Rg5+ 40. Kh2
Rf5 41. Ra2 Rc5 42. h4 Rc4 43. Kg3 Rb4 44. f3 Rb3 45. e4 Rb5 46. Kg4 Rc5 47. Ra6
Re5 48. Rd6 Rc5 49. Rd5 Rc1 50. Ra5 Rg1+ 51. Kh3 Rh1+ 52. Kg3 Rg1+ 53. Kh2 Rf1
54. Kg2 Rc1 55. h5 gxh5 56. Rxh5 Kg6 57. Rf5 f6 58. Kg3 Rg1+ 59. Kf4 Rb1 60. Rd5
Rb4 61. Rd6 Rc4 62. Kg3 Kf7 63. Ra6 Rb4 64. Kg4 Rb5 65. Ra8 Kg6 66. Ra7 Rc5 67.
f4 f5+ 68. exf5+ Rxf5 69. Ra6+ Rf6 70. f5+ Kg7 71. Rxf6 Kxf6 1/2-1/2

[Event "FIDE World Blitz 2014"]
[Site "Dubai UAE"]
[Date "2014.06.20"]
[Round "16.31"]
[White "Najer, Evgeniy"]
[Black "Salem, A.R. Saleh"]
[Result "1-0"]
[WhiteTitle "GM"]
[BlackTitle "GM"]
[WhiteElo "2653"]
[BlackElo "2581"]
[WhiteFideId "4118987"]
[BlackFideId "9301348"]
[EventDate "2014.06.19"]

1. e4 e5 2. Nf3 Nc6 3. Bb5 f5 4. d3 fxe4 5. dxe4 Nf6 6. O-O Bc5 7. Nc3 O-O 8.
Bxc6 bxc6 9. Nxe5 d6 10. Nd3 Bd4 11. Ne2 Bb6 12. Ng3 Ng4 13. h3 Qh4 14. Nf5 Bxf5
15. exf5 Nxf2 16. Nxf2 Rxf5 17. Qe2 Re5 18. Qg4 Qxg4 19. hxg4 Rf8 20. Bd2 Re2
21. Be1 Rxc2 22. b3 Rf4 23. a4 Rxg4 24. Rd1 h5 25. Rd2 Rc3 26. Rxd6 Rxb3 27.
Rxc6 Rxa4 28. Kh2 Rh4+ 29. Nh3 Rg4 30. Rc2 Bd4 31. Bd2 c5 32. Bf4 a5 33. Re2 a4
34. Ng5 Rh4+ 1-0

[Event "FIDE World Blitz 2014"]
[Site "Dubai UAE"]
[Date "2014.06.20"]
[Round "16.32"]
[White "Sokolov, Ivan"]
[Black "Kasimdzhanov, Rustam"]
[Result "1-0"]
[WhiteTitle "GM"]
[BlackTitle "GM"]
[WhiteElo "2650"]
[BlackElo "2700"]
[WhiteFideId "14400030"]
[BlackFideId "14200244"]
[EventDate "2014.06.19"]

1. d4 g6 2. e4 Bg7 3. c3 d6 4. Bd3 Nf6 5. Nf3 O-O 6. O-O c5 7. d5 Bg4 8. Nbd2
Nbd7 9. h3 Ne5 10. Be2 Nxf3+ 11. Nxf3 Bd7 12. e5 dxe5 13. Nxe5 Bf5 14. Bf3 Be4
15. Ng4 Bxf3 16. Nxf6+ Bxf6 17. Qxf3 Qd7 18. Rd1 Bg7 19. Bf4 Rfe8 20. Rd2 Rad8
21. Rad1 b6 22. d6 e5 23. Bg5 Rc8 24. Be7 Bf8 25. Bxf8 Rxf8 26. Qf6 Rfe8 27. Rd5
Re6 28. Qg5 Rce8 29. h4 Kg7 30. h5 h6 31. Qg4 e4 32. hxg6 fxg6 33. Re5 Kf6 34.
Rxe4 h5 35. Qh3 Qd8 36. Rxe6+ Rxe6 37. Qh4+ 1-0

[Event "FIDE World Blitz 2014"]
[Site "Dubai UAE"]
[Date "2014.06.20"]
[Round "16.33"]
[White "Volokitin, Andrei"]
[Black "Onischuk, Vladimir"]
[Result "1-0"]
[WhiteTitle "GM"]
[BlackTitle "GM"]
[WhiteElo "2638"]
[BlackElo "2594"]
[WhiteFideId "14107090"]
[BlackFideId "14114038"]
[EventDate "2014.06.19"]

1. e4 d6 2. d4 Nf6 3. Nc3 g6 4. Be3 a6 5. Qd2 b5 6. f3 Bb7 7. h4 h5 8. Nh3 Nbd7
9. Ng5 e6 10. a4 b4 11. Nd1 c5 12. c3 cxd4 13. cxd4 Qa5 14. Nf2 Be7 15. Nd3 d5
16. e5 Nh7 17. Nxh7 Rxh7 18. Bg5 Bf8 19. Nf4 Rc8 20. Bd3 Rg7 21. O-O Qb6 22. Kh1
a5 23. Bb5 Be7 24. Bxe7 Kxe7 25. Rfc1 Rgg8 26. Rxc8 Rxc8 27. Nxg6+ fxg6 28. Qg5+
Ke8 29. Qxg6+ Kd8 30. Qg8+ Kc7 31. Rc1+ Nc5 32. Rxc5+ Qxc5 33. Qf7+ 1-0

[Event "FIDE World Blitz 2014"]
[Site "Dubai UAE"]
[Date "2014.06.20"]
[Round "16.34"]
[White "Kovalev, Vladislav"]
[Black "Savchenko, Boris"]
[Result "0-1"]
[WhiteTitle "GM"]
[BlackTitle "GM"]
[WhiteElo "2554"]
[BlackElo "2581"]
[WhiteFideId "13504398"]
[BlackFideId "4147332"]
[EventDate "2014.06.19"]

1. e4 c5 2. Nf3 Nc6 3. Nc3 g6 4. d4 cxd4 5. Nxd4 Bg7 6. Be3 Nf6 7. Bc4 Na5 8.
Be2 O-O 9. O-O d6 10. f4 Bd7 11. Qd3 Rc8 12. Rad1 Nc4 13. Bc1 Qb6 14. b3 e5 15.
bxc4 exd4 16. Nb5 Bxb5 17. cxb5 Rxc2 18. Be3 dxe3 19. Qxc2 Re8 20. e5 dxe5 21.
fxe5 Rxe5 22. Kh1 h5 23. Bc4 Rc5 24. Qe2 Rc7 25. Bb3 Kh7 26. Rd3 Re7 27. Rf3 Ng4
28. Bxf7 0-1

[Event "FIDE World Blitz 2014"]
[Site "Dubai UAE"]
[Date "2014.06.20"]
[Round "16.35"]
[White "Zhigalko, Sergei"]
[Black "Sandipan, Chanda"]
[Result "1-0"]
[WhiteTitle "GM"]
[BlackTitle "GM"]
[WhiteElo "2678"]
[BlackElo "2594"]
[WhiteFideId "13502956"]
[BlackFideId "5004225"]
[EventDate "2014.06.19"]

1. e4 e5 2. Nf3 Nf6 3. d4 Nxe4 4. Bd3 d5 5. Nxe5 Nd7 6. Nxd7 Bxd7 7. O-O Bd6 8.
Nc3 Nxc3 9. bxc3 O-O 10. Qh5 f5 11. Re1 Qf6 12. Qf3 c6 13. Bf4 Rae8 14. h4 Bc8
15. Qg3 Bxf4 16. Qxf4 Re7 17. Re5 Rxe5 18. dxe5 Qe7 19. c4 dxc4 20. Bxc4+ Be6
21. Rd1 h6 22. Rd6 Bxc4 23. Qxc4+ Kh7 24. Qd4 f4 25. Rd7 Qxh4 26. Qe4+ Kg8 27.
Qg6 1-0

[Event "FIDE World Blitz 2014"]
[Site "Dubai UAE"]
[Date "2014.06.20"]
[Round "16.36"]
[White "Bartel, Mateusz"]
[Black "Nielsen, Peter Heine"]
[Result "1/2-1/2"]
[WhiteTitle "GM"]
[BlackTitle "GM"]
[WhiteElo "2641"]
[BlackElo "2654"]
[WhiteFideId "1112635"]
[BlackFideId "1400355"]
[EventDate "2014.06.19"]

1. g3 c5 2. Bg2 g6 3. e4 Bg7 4. c3 Nc6 5. Ne2 e5 6. d3 Nge7 7. f4 d6 8. Be3 O-O
9. Nd2 b6 10. Nf3 d5 11. O-O dxe4 12. dxe4 Ba6 13. Re1 Qxd1 14. Raxd1 Rad8 15.
Nc1 Rxd1 16. Rxd1 Rd8 17. Rxd8+ Nxd8 18. Nxe5 Bxe5 19. fxe5 Nec6 20. Bg5 Ne6 21.
Bf6 Nf8 22. Bh3 Bc4 23. b3 Be6 24. Bxe6 fxe6 25. g4 Nd7 26. Nd3 Kf7 27. g5 c4
28. bxc4 Nc5 29. Nxc5 bxc5 30. Kf2 Ke8 31. Ke3 Kd7 32. Kd3 Kc7 33. Bg7 Na5 34.
Bf8 Kc6 35. Be7 Nb7 36. Kc2 Na5 37. Kd3 Nb7 38. Kc2 Na5 39. Kd3 Nb7 1/2-1/2

[Event "FIDE World Blitz 2014"]
[Site "Dubai UAE"]
[Date "2014.06.20"]
[Round "16.38"]
[White "Potkin, Vladimir"]
[Black "Adly, Ahmed"]
[Result "1-0"]
[WhiteTitle "GM"]
[BlackTitle "GM"]
[WhiteElo "2621"]
[BlackElo "2594"]
[WhiteFideId "4131061"]
[BlackFideId "10601619"]
[EventDate "2014.06.19"]

1. d4 Nf6 2. Nf3 e6 3. c4 d5 4. Nc3 Be7 5. Bf4 O-O 6. e3 b6 7. Bd3 Bb7 8. O-O
dxc4 9. Bxc4 a6 10. a4 Nbd7 11. Qe2 c5 12. Rfd1 cxd4 13. exd4 Bb4 14. Rac1 Qe7
15. d5 exd5 16. Qxe7 Bxe7 17. Nxd5 Bxd5 18. Bxd5 Nxd5 19. Rxd5 Nc5 20. a5 Ne6
21. Bg3 bxa5 22. Rxa5 Bb4 23. Rd5 Rfc8 24. Rxc8+ Rxc8 25. h4 f6 26. Rd7 Rc2 27.
b3 Rb2 28. Ra7 a5 29. Ra6 Kf7 30. Ra7+ Kg6 31. Ra6 Kf5 32. h5 Nc5 33. Ra7 Ne4
34. Rxg7 Bc5 35. Kh2 Rxb3 36. Rxh7 a4 37. Nh4+ Kg5 38. Nf3+ Kf5 39. Nh4+ Ke6 40.
h6 a3 41. Rh8 Ng5 42. Ra8 Rb7 43. Bf4 Bxf2 44. Bxg5 fxg5 45. Nf3 g4 46. Ng5+ Kf5
47. h7 Rb3 48. Ra5+ Kg6 49. Ne4 g3+ 50. Kh3 Kxh7 51. Nd2 Rd3 52. Nc4 Rd4 53.
Nxa3 Kg6 54. Nc2 Rc4 55. Na3 Rc3 56. Nb5 Rc5 57. Ra6+ Kg5 58. Nd6 Rd5 59. Ne4+
Kf4 60. Nf6 Rf5 61. Ra4+ Kg5 62. Ne4+ Kf4 63. Nxf2+ Ke3 64. Ng4+ Ke2 65. Kxg3
Rg5 1-0

[Event "FIDE World Blitz 2014"]
[Site "Dubai UAE"]
[Date "2014.06.20"]
[Round "16.39"]
[White "Al-Sayed, Mohammed"]
[Black "Jobava, Baadur"]
[Result "0-1"]
[WhiteTitle "GM"]
[BlackTitle "GM"]
[WhiteElo "2505"]
[BlackElo "2713"]
[WhiteFideId "12100196"]
[BlackFideId "13601520"]
[EventDate "2014.06.19"]

1. d4 d6 2. e4 Nf6 3. Nc3 e5 4. Nf3 Nbd7 5. Bc4 Be7 6. a4 c6 7. O-O O-O 8. h3 a5
9. Re1 h6 10. b3 Qc7 11. Bb2 Re8 12. Qd2 Nf8 13. Rad1 Ng6 14. Qe3 Nh7 15. Ne2
Ng5 16. Ng3 Nf4 17. Nxg5 Bxg5 18. Qf3 g6 19. Ne2 Nxe2+ 20. Qxe2 Kg7 21. Qd3 Bf6
22. Rf1 Rd8 23. f4 exf4 24. Rxf4 d5 25. Rxf6 Kxf6 26. exd5 cxd5 27. Qf3+ Bf5 28.
Bd3 Kg7 29. Bxf5 gxf5 30. Qxf5 Ra6 31. Bc1 Rf6 32. Qg4+ Rg6 33. Qf3 Qxc2 34. Rf1
Rd7 35. Bf4 Qe4 36. Qf2 Kh7 37. Kh2 f6 38. g3 Re7 39. h4 Qe2 40. Kh3 Qg4+ 0-1